Electric generation: hydro, diesel, and gas-turbine stations
Guardat en:
| Autors principals: | , , , |
|---|---|
| Format: | Llibre |
| Idioma: | anglès |
| Publicat: |
Nueva York
McGraw-Hill
1956
|
| Col·lecció: | Electric Utility Library
|
| Matèries: | |
| Etiquetes: |
Afegir etiqueta
Sense etiquetes, Sigues el primer a etiquetar aquest registre!
|
MARC
| LEADER | 00000nam a2200000 a 4500 | ||
|---|---|---|---|
| 001 | UCU5250 | ||
| 003 | CL-VaPUC | ||
| 008 | 960531e19560000US |||||||||||||||||eng|d | ||
| 082 | 0 | 4 | |a 621.312 |b SKR |2 21 |
| 100 | 0 | |a Skrotzki, Bernhardt G |e author |9 363156 | |
| 700 | 0 | |a Benson, F. S |e author |9 363157 | |
| 700 | 0 | |a Boyer, G. C |e author |9 363158 | |
| 700 | 0 | |a Thiemann, V. A |e author |9 363159 | |
| 245 | 1 | 0 | |a Electric generation: hydro, diesel, and gas-turbine stations |
| 300 | |a 458 p | ||
| 942 | |c BK | ||
| 945 | |d 19960531 00:00:00 |a paguirre | ||
| 260 | |a Nueva York |b McGraw-Hill |c 1956 | ||
| 650 | 0 | |a Generación de energía eléctrica |9 345677 | |
| 650 | 7 | |a GENERADORES ELECTRICOS |2 CL-VaPUC |9 363160 | |
| 650 | 0 | |a Motores eléctricos |9 260085 | |
| 650 | 7 | |a TERMOELECTRICIDAD |2 CL-VaPUC |9 360499 | |
| 650 | 0 | |a Energía hidroeléctrica |9 361182 | |
| 583 | |a last modification |c 19960531 00:00:00 |k Rodrigo Vera | ||
| 490 | 0 | |a Electric Utility Library | |
| 999 | |c 248674 |d 248672 | ||
| 952 | |0 0 |1 0 |4 0 |6 621_312000000000000_SKR_1956 |7 0 |8 A |9 265460 |a BIBING |b BIBING |d 2019-11-19 |i 1671367 |o 621.312 SKR 1956 |p 1671367 |r 2025-01-20 |w 2019-11-19 |y BK |k EIE | ||